<?xml version="1.0" encoding="UTF-8"?>
<record
    xmlns:xsi="http://www.w3.org/2001/XMLSchema-instance"
    xsi:schemaLocation="http://www.loc.gov/MARC21/slim http://www.loc.gov/standards/marcxml/schema/MARC21slim.xsd"
    xmlns="http://www.loc.gov/MARC21/slim">

  <leader>00728cam a22002051  4500</leader>
  <controlfield tag="001">ne 68000957 </controlfield>
  <controlfield tag="003">DLC</controlfield>
  <controlfield tag="005">20260227111839.0</controlfield>
  <controlfield tag="008">870501s1962    ir            000 0 pero </controlfield>
  <datafield tag="010" ind1=" " ind2=" ">
    <subfield code="a">ne 68000957 </subfield>
  </datafield>
  <datafield tag="035" ind1=" " ind2=" ">
    <subfield code="a">(OCoLC)15620929</subfield>
  </datafield>
  <datafield tag="040" ind1=" " ind2=" ">
    <subfield code="a">DLC</subfield>
    <subfield code="c">CU</subfield>
    <subfield code="d">DLC</subfield>
  </datafield>
  <datafield tag="042" ind1=" " ind2=" ">
    <subfield code="a">premarc</subfield>
  </datafield>
  <datafield tag="050" ind1="0" ind2="0">
    <subfield code="a">DS292.3</subfield>
    <subfield code="b">.R3</subfield>
  </datafield>
  <datafield tag="100" ind1="1" ind2=" ">
    <subfield code="a">Ra&#x1E25;&#x12B;m&#x2B9;z&#x101;dah &#x1E62;afav&#x12B;, &#x2BB;Al&#x12B; A&#x1E63;ghar,</subfield>
    <subfield code="d">1894 or 1895-1959</subfield>
  </datafield>
  <datafield tag="245" ind1="1" ind2="0">
    <subfield code="a">Zindag&#x101;n&#x12B;-i Sh&#x101;h Isma&#x2BB;&#x12B;l &#x1E62;afav&#x12B;,</subfield>
    <subfield code="b">shar&#x1E25;-i jangh&#x101; va t&#x101;r&#x12B;kh.</subfield>
    <subfield code="c">Ta&#x2BC;l&#x12B;f-i Ra&#x1E25;&#x12B;m&#x2B9;z&#x101;dah &#x1E62;afav&#x12B;. Bi-ihtim&#x101;m-i Y&#x16B;suf P&#x16B;r&#x2B9;&#x1E62;afav&#x12B;.</subfield>
  </datafield>
  <datafield tag="260" ind1=" " ind2=" ">
    <subfield code="a">[Tihr&#x101;n]</subfield>
    <subfield code="b">Kit&#x101;bfur&#x16B;sh&#x12B;-i Khayy&#x101;m,</subfield>
    <subfield code="c">1341 [1962]</subfield>
  </datafield>
  <datafield tag="300" ind1=" " ind2=" ">
    <subfield code="a">4, 450 p.</subfield>
    <subfield code="c">25 cm.</subfield>
  </datafield>
  <datafield tag="600" ind1="0" ind2="0">
    <subfield code="a">Ism&#x101;&#x2BB;&#x12B;l</subfield>
    <subfield code="b">I,</subfield>
    <subfield code="c">Shah of Iran,</subfield>
    <subfield code="d">1487-1524.</subfield>
  </datafield>
  <datafield tag="999" ind1=" " ind2=" ">
    <subfield code="c">50204</subfield>
    <subfield code="d">50204</subfield>
  </datafield>
</record>
